|
|
|
|
| LEADER |
02717nam a22004215i 4500 |
| 001 |
978-3-540-32874-2 |
| 003 |
DE-He213 |
| 005 |
20150520191202.0 |
| 007 |
cr nn 008mamaa |
| 008 |
100301s2006 gw | s |||| 0|eng d |
| 020 |
|
|
|a 9783540328742
|9 978-3-540-32874-2
|
| 024 |
7 |
|
|a 10.1007/3-540-32874-2
|2 doi
|
| 040 |
|
|
|d GrThAP
|
| 050 |
|
4 |
|a R-RZ
|
| 072 |
|
7 |
|a MBGR
|2 bicssc
|
| 072 |
|
7 |
|a MED000000
|2 bisacsh
|
| 082 |
0 |
4 |
|a 610
|2 23
|
| 100 |
1 |
|
|a Brehmer, Axel.
|e author.
|
| 245 |
1 |
0 |
|a Structure of Enteric Neurons
|h [electronic resource] /
|c by Axel Brehmer.
|
| 264 |
|
1 |
|a Berlin, Heidelberg :
|b Springer Berlin Heidelberg,
|c 2006.
|
| 300 |
|
|
|a XI, 94 p. 24 illus., 2 illus. in color.
|b online resource.
|
| 336 |
|
|
|a text
|b txt
|2 rdacontent
|
| 337 |
|
|
|a computer
|b c
|2 rdamedia
|
| 338 |
|
|
|a online resource
|b cr
|2 rdacarrier
|
| 347 |
|
|
|a text file
|b PDF
|2 rda
|
| 490 |
1 |
|
|a Advances in Anatomy, Embryology and Cell Biology,
|x 0301-5556 ;
|v 186
|
| 505 |
0 |
|
|a Introduction -- The enteric nervous system (ENS) -- Ganglionated enteric plexuses -- Non-ganglionated enteric plexuses -- Morphological classifications of enteric neurons -- Material and methods -- Immunohistochemistry -- Immunocytochemistry -- Double labelling post mortem tracing -- Image aquisition of immunofluorescent specimens, counts, morphometry -- Three-dimensional(D-) reconstructions -- Chemical coding of Stach’s neuron types in the pig -- Preliminary note: Cholinergic and nitrergic neurons -- Type I neurons -- Type II neurons -- Type III neurons -- Type IV neurons -- Type V neurons -- Type VI neurons -- Type VII neurons -- Dendritic type II neurons, mini neurons, giant neurons -- Morphological neuron types and their chemical coding in the human -- Nomenclature used for human enteric neurons -- Type II neurons -- Stubby (type I) neurons -- Spiny (type I) neurons -- Type V neurons -- Type III neurons -- Dendritic type II neurons -- Spiny neurons with main dendrites or human type VII neurons?- Discussion -- What does NF-immunohistochemistry achieve?- General remarks on equivalent neurons of different species -- Putative functional categories of human enteric neurons -- Plasticity -- Summary -- Acknowledgements -- References -- Subject Index.
|
| 520 |
|
|
|a (will follow).
|
| 650 |
|
0 |
|a Medicine.
|
| 650 |
1 |
4 |
|a Biomedicine.
|
| 650 |
2 |
4 |
|a Biomedicine general.
|
| 710 |
2 |
|
|a SpringerLink (Online service)
|
| 773 |
0 |
|
|t Springer eBooks
|
| 776 |
0 |
8 |
|i Printed edition:
|z 9783540328711
|
| 830 |
|
0 |
|a Advances in Anatomy, Embryology and Cell Biology,
|x 0301-5556 ;
|v 186
|
| 856 |
4 |
0 |
|u http://dx.doi.org/10.1007/3-540-32874-2
|z Full Text via HEAL-Link
|
| 912 |
|
|
|a ZDB-2-SBL
|
| 950 |
|
|
|a Biomedical and Life Sciences (Springer-11642)
|